000 01023nam a2200265 a 4500
001 78565
003 BD-RjUL
005 20211209083137.0
008 211007s2006 eng||||| m||| 00| 0 eng d
035 _a(BD-RjUL)78791
040 _aBD-RjUL
_beng
_dBD-RjUL
041 _aeng
082 _a158.1
_bCHI 2006
_223
100 _aChowdhury, Md. Rahamat Ali
_9248908
245 1 0 _aImpact of personality factors on academic achivements of College students /
_cMd. Rahamat Ali Chowdhury ;
_6Supervisor : Shawkat Ara
260 _aRajshahi :
_bDepartment of Psychology, University of Rajshahi,
_c2006
300 _axvii, 177 leaves :
_c29 cm.
502 _aThesis (M. Phil.) -- Department of Psychology, Rajshahi University, 2006
504 _aBibliography : leaves [141]-163
650 _aAcademic Achivements
_xPsychological aspects
_9248909
650 _aCollege students
_xPsychology
_9249050
650 _aPersonality and academic achievement
_9249262
700 _aAra, Shawkat , Supervisor
_9248910
942 _2ddc
_cTHE
999 _c78565
_d78565